Corporate crimes and financial frauds : with biggest financial frauds in the history of India (Record no. 445801)

000 -LEADER
fixed length control field 00525cam a22001577a 4500
008 - FIXED-LENGTH DATA ELEMENTS--GENERAL INFORMATION
fixed length control field 180718b2013 xxu||||| |||| 00| 0 eng d
020 ## - INTERNATIONAL STANDARD BOOK NUMBER
International Standard Book Number 9788172737122
082 ## - DEWEY DECIMAL CLASSIFICATION NUMBER
Classification number F5 Sh23c
100 ## - MAIN ENTRY--PERSONAL NAME
Personal name Sharma, Sumit
245 ## - TITLE STATEMENT
Title Corporate crimes and financial frauds : with biggest financial frauds in the history of India
Statement of responsibility, etc. by Sumit Sharma
260 ## - PUBLICATION, DISTRIBUTION, ETC.
Place of publication, distribution, etc. New Delhi
Name of publisher, distributor, etc. Authorpress
Date of publication, distribution, etc. 2013
300 ## - PHYSICAL DESCRIPTION
Extent 225p.
650 ## - SUBJECT ADDED ENTRY--TOPICAL TERM
Topical term or geographic name entry element Commercial crimes
650 ## - SUBJECT ADDED ENTRY--TOPICAL TERM
Topical term or geographic name entry element Corporations -- Corrupt practices -- India
650 ## - SUBJECT ADDED ENTRY--TOPICAL TERM
Topical term or geographic name entry element Commercial crimes -- India
Holdings
Withdrawn status Lost status Damaged status Not for loan Permanent Location Current Location Date acquired Full call number Barcode Date last seen Price effective from Koha item type Source of classification or shelving scheme Shelving location
        Indian Institute of Public Administration Indian Institute of Public Administration 2017-07-25 F5 Sh23c 87155 2018-07-21 2018-07-21 Book    
        Indian Institute of Public Administration Indian Institute of Public Administration 2017-07-25 SNT F5 Sh23c Gr25477 2025-04-11 2018-07-21 Book   On Display

Powered by Koha